000
00232nam a22001217a 4500
040
_c
SK
082
_a
574
100
_a
DAVID L
245
_a
Principles of biochemistry
260
_a
DAMAGE
_b
DAV
_c
NA
300
_a
482p.
942
_c
EK
999
_c
8585
_d
8585